Capitals of UEFA Euro 2024 Teams - Statistics

General Stats
  • This quiz has been taken 2,674 times
    2,357 since last reset
  • The average score is 21 of 24
Answer Stats
Team Group % Correct
Berlin A1
97%
London C4
96%
Madrid B1
96%
Paris D4
95%
Rome B3
95%
Lisbon F3
94%
Amsterdam D2
91%
Bern A4
88%
Brussels E1
88%
Budapest A3
88%
Copenhagen C2
87%
Vienna D3
87%
Warsaw D1
87%
Zagreb B2
87%
Kiev E4
86%
Prague F4
85%
Bucharest E3
82%
Ankara F1
81%
Edinburgh A2
80%
Belgrade C3
78%
Bratislava E2
76%
Tirana B4
75%
Ljubljana C1
73%
Tbilisi F2
66%
No matching quizzes found
Score Distribution
Percent of People with Each Score
Percentile by Number Answered
Your Score History
You have not taken this quiz since the last reset